000 00426nam a2200169Ia 4500
001 15228
003 IN-NITTTR
005 20251114233143.0
008 251113s9999||||xx |||||||||||||| ||eng||
040 _beng
040 _cIN-NITTTR
041 _aeng
082 _a378.5 U1D
100 _aUnesco,
245 0 _aDirectory of national systems of technicians education in south and central Asia. /
_cUnesco
942 _2ddc
_cBK
999 _c17862
_d17862